Документы по реконструкции водного транспорта, составленные Сектором транспорта НКФ

Доступно только в Электронных читальных залах Найти на картеНа карте
RUSMARC
00004171nmc2a22002893x 450
0013e757f6b-c4cf-4a0b-8d41-68a726fbe636
00520220705152149.0
100##$a20220622l1930 k y0rusy50 ca
1010#$arus
102##$aRU
105##$aa z |||||
1220#$ad19301231
2001#$aДокументы по реконструкции водного транспорта, составленные Сектором транспорта НКФ
$j[1930]
215##$a56 листов
$cтабл.
251##$cДело
300##$aЗаголовок дела на папке отсутствует
300##$aНа папке дела дата не указана
300##$aЛисты: после 55 (1) - чистые; 1 - надорван
300##$aМашинописный и рукописный текст. Стеклограф
330##$aВходит в раздел описи: Документы Народного комиссариата финансов. Транспортный сектор (Департамент железнодорожных дел) Наркомата финансов
461#0$100170a9e75d-b6e1-4eed-a561-fb01df49f1ed
$12001
$aКоллекция документов профессора И. Х. Озерова
$1251
$cФонд
$1852
$j1838
462#0$10010128b4bc-9fed-474c-8a7c-fdbe2c2718e2
$12001
$aДокументы советского периода. 1917-1933 гг.
$vД. 55
$1251
$cОпись
$1852
$j2
600#1$aОзеров
$bИ. Х.
$gИван Христофорович
60101$3RU\NLR\AUTH\8810041768
$aСССР
$bНародный комиссариат финансов
801#0$aRU
$bGA_RF
801#1$aRU
$bГлавНИВЦ
$c20220622
$2rusmarc
801#2$aRU
$bПБ им. Б.Н. Ельцина
$c20220705
$gRCR
$2rusmarc
852##$aГА РФ
$j55
937##$d177093326
$hГАРФ
035##$aRuPRLIB51067871
856##$uhttp://readingroom.main.prlib.ru/item.aspx?id_node=n177093326&mode=full
Формат отображения